UBT Library

Environmental politics and policy / (Record no. 537)

000 -LEADER
fixed length control field 00578nam a22001817a 4500
008 - FIXED-LENGTH DATA ELEMENTS--GENERAL INFORMATION
fixed length control field 150323b xxu||||| |||| 00| 0 eng d
041 0# - LANGUAGE CODE
Language code of text/sound track or separate title eng
080 ## - UNIVERSAL DECIMAL CLASSIFICATION NUMBER
Universal Decimal Classification number 363
100 ## - Rafti
Rafti Rosenbaum, Walter A.
245 10 - TITLE STATEMENT
Title Environmental politics and policy /
Statement of responsibility, etc Walter A. Rosenbaum.
250 ## -
-- Vëllimi i 6
260 ## -
-- Washington, D.C. :
-- CQ Press,
-- 2005.
300 ## -
-- 395 f. :
-- me il. ;
-- 23 cm.
500 ## -
-- Preface: f: XI-XIII
505 ## -
-- Index: f. 371-395
650 #0 -
-- Politika e mjedisit
942 ## - ADDED ENTRY ELEMENTS (KOHA)
Source of classification or shelving scheme
Item type Books
Holdings
Withdrawn status Lost status Source of classification or shelving scheme Damaged status Not for loan Collection code Permanent location Current location Date acquired Total Checkouts Full call number Barcode Date last seen Koha item type
          Koleksioni i përgjithshem UBT - Prishtine UBT - Prishtine 03/23/2015   363 ROS 001-000789 03/23/2015 Books
UBT Library © 2015-2024. All rights reserved University Education for Business and Technology